Statistiques concernant Quiz de géographie totalement facile #1

Cliquez ici pour prendre le quiz!

Statistiques générales

  • Ce quiz a été pris 443 fois
  • Le résultat moyen est 14 sur 15

Statistiques - réponses

IndiceRépondre% Correct
Seul pays frontières du CanadaÉtats-Unis
100%
Langue parlée en GrèceGrec
99%
Pays le plus peupléChine
98%
Capitale de la RussieMoscou
98%
Pays d’origine des nazisAllemagne
97%
Pays avec un nom similaire à celui du NigeriaNiger
96%
Capitale du JaponTokyo
96%
Pays en dessous de l’Allemagne qui est la capitale est VienneAutriche
95%
Langue parlée au BrésilPortugais
95%
Langue principalement parlée au Moyen-OrientArabe
94%
Le seul pays juifIsraël
91%
Pays dont le Groenland fait partieDanemark
88%
État américain le plus peupléCalifornie
77%
Mer dans laquelle se trouve CubaCaraïbes
70%
La plus grande branche de chinoisMandarin
65%

Distribution des résultats

Percentile par nombre de réponses

% des personnes avec chaque résultat

Votre développement - résultats

Vous n’avez pas pris ce quiz